000 00867nam a2200277 i 4500
001 000020271
003 DO-SdBNP
005 20250919112546.0
007 ta
008 100802s2022 dr r 000 0 spa d
020 _a9789945643411 (digital)
020 _a9789945610598 (impreso)
020 _a9789945610581 (obra completa impresa)
040 _aDO-SdBNP
_bspa
_cBNPHU
_erda
082 4 _bR426u
_222
110 1 _aRepública Dominicana.
_bCorte de Constitucionalidad
_971191
245 1 0 _aUna década de labor jurisprundencial
264 _aSanto Domingo :
_bTribunal Constitucional de la República Dominicana,
_c2022
300 _a580 paginas ;
_c24 cm.
336 _2rdacontent
_atexto
_btxt
337 _2rdamedia
_asin mediación
_bn
338 _2rdacarrier
_avolumen
_bnc
590 _aInventariado, 2022 / DG
910 _aDG
942 _2ddc
_cLBS1
999 _c53512
_d53512